[Event "Madrid-ch 2020-2021 - Semifinal"]
[Site "Madrid ESP"]
[Date "2021.05.05"]
[Round "1.1"]
[White "Perez Diez, Victor"]
[Black "Elissalt Cardenas, Hector"]
[Result "0-1"]
[WhiteElo "2000"]
[BlackElo "2281"]
[PlyCount "76"]
[EventDate "2021.05.05"]
[EventType "swiss"]
[EventRounds "9"]
[EventCountry "ESP"]
[SourceTitle "Ajedrez en Madrid"]
[Source "lmi"]
[SourceDate "2021.05.06"]
[SourceVersion "1"]
[SourceVersionDate "2021.05.15"]
[SourceQuality "1"]

1. e4 c5 2. Nc3 Nc6 3. g3 g6 4. Bg2 Bg7 5. d3 d6 6. Be3 Rb8 7. Qd2 b5 8. Nge2
b4 9. Nd1 e5 10. O-O h5 11. h3 Nge7 12. f4 Nd4 13. Nc1 f5 14. c3 Ne6 15. Ne2 h4
16. gxh4 bxc3 17. bxc3 Rxh4 18. Nf2 g5 19. exf5 Nxf4 20. f6 Bxf6 21. Ne4 Neg6
22. Nxf4 gxf4 23. Qc2 Be7 24. d4 Rh6 25. dxc5 fxe3 26. Qa4+ Bd7 27. c6 Nf4 28.
cxd7+ Kf8 29. Ng3 Rf6 30. Rfb1 Rg6 31. Rxb8 Qxb8 32. Rf1 Rf6 33. Qc6 Bd8 34.
Kh2 Qb2 35. Qf3 d5 36. Re1 Nxg2 37. Re2 Rxf3 38. Rxb2 Nf4 0-1

[Event "Madrid-ch 2020-2021 - Semifinal"]
[Site "Madrid ESP"]
[Date "2021.05.05"]
[Round "1.2"]
[White "Ortega Ruiz, Jose Miguel"]
[Black "Rey Martinez, Jaime"]
[Result "1/2-1/2"]
[WhiteElo "2253"]
[BlackElo "1992"]
[PlyCount "59"]
[EventDate "2021.05.05"]
[EventType "swiss"]
[EventRounds "9"]
[EventCountry "ESP"]
[SourceTitle "Ajedrez en Madrid"]
[Source "lmi"]
[SourceDate "2021.05.06"]
[SourceVersion "1"]
[SourceVersionDate "2021.05.15"]
[SourceQuality "1"]

1. e4 c5 2. Nf3 Nc6 3. d4 cxd4 4. Nxd4 e5 5. Nb5 a6 6. Nd6+ Bxd6 7. Qxd6 Qf6 8.
Qc7 Qe7 9. Nc3 Nb4 10. Nd5 Nxd5 11. exd5 d6 12. Qb6 Bf5 13. c4 Nf6 14. Be2 O-O
15. O-O Rab8 16. b4 Rfc8 17. a4 Nd7 18. Qe3 a5 19. f4 axb4 20. fxe5 Bg6 21. e6
fxe6 22. dxe6 Ne5 23. Rf4 Re8 24. Bd2 Qxe6 25. Bxb4 d5 26. cxd5 Qxd5 27. Raf1
h6 28. Bb5 Nd3 29. Bxe8 Nxf4 30. Qxf4 1/2-1/2

[Event "Madrid-ch 2020-2021 - Semifinal"]
[Site "Madrid ESP"]
[Date "2021.05.05"]
[Round "1.3"]
[White "Rodriguez Avila, Alvaro"]
[Black "Mkrtchyan, Levon"]
[Result "1/2-1/2"]
[WhiteElo "1966"]
[BlackElo "2230"]
[PlyCount "62"]
[EventDate "2021.05.05"]
[EventType "swiss"]
[EventRounds "9"]
[EventCountry "ESP"]
[SourceTitle "Ajedrez en Madrid"]
[Source "lmi"]
[SourceDate "2021.05.06"]
[SourceVersion "1"]
[SourceVersionDate "2021.05.15"]
[SourceQuality "1"]

1. e4 e5 2. Nf3 Nc6 3. Bb5 a6 4. Ba4 Nf6 5. O-O b5 6. Bb3 Be7 7. Re1 O-O 8. c3
d6 9. h3 Na5 10. Bc2 c5 11. d4 Qc7 12. Nbd2 Nc6 13. a4 Bd7 14. Nf1 b4 15. Ne3
Rab8 16. Nd5 Qd8 17. dxe5 dxe5 18. Be3 c4 19. cxb4 Nxb4 20. Nxe5 Nbxd5 21. exd5
Qc7 22. Bd4 Nxd5 23. Rc1 Bg5 24. Qh5 h6 25. Nxd7 Qxd7 26. Rcd1 Rfe8 27. Rxe8+
Rxe8 28. Qf3 Nb4 29. Bc5 Nd3 30. Bxd3 cxd3 31. Rxd3 Qxa4 1/2-1/2

[Event "Madrid-ch 2020-2021 - Semifinal"]
[Site "Madrid ESP"]
[Date "2021.05.05"]
[Round "1.4"]
[White "Bustos Bernardo, Samuel"]
[Black "Demerson Joly, Javier"]
[Result "1-0"]
[WhiteElo "2213"]
[BlackElo "1959"]
[PlyCount "73"]
[EventDate "2021.05.05"]
[EventType "swiss"]
[EventRounds "9"]
[EventCountry "ESP"]
[SourceTitle "Ajedrez en Madrid"]
[Source "lmi"]
[SourceDate "2021.05.06"]
[SourceVersion "1"]
[SourceVersionDate "2021.05.15"]
[SourceQuality "1"]

1. Nf3 d5 2. d4 Nf6 3. c4 dxc4 4. e3 Bg4 5. Bxc4 e6 6. Qb3 Bxf3 7. gxf3 c5 8.
dxc5 Bxc5 9. Bd2 Nbd7 10. Bc3 Qb6 11. Nd2 Qxb3 12. Bxb3 O-O 13. Rg1 g6 14. Ke2
b5 15. a3 a5 16. Rg5 Rfc8 17. a4 b4 18. Bxf6 Nxf6 19. Rc1 Bb6 20. Rxc8+ Rxc8
21. Rb5 Nd7 22. Nc4 Rc5 23. Nxb6 Rxb5 24. Nxd7 Rb7 25. Ne5 Rc7 26. Kd2 g5 27.
Bc4 Rc5 28. f4 Kg7 29. Bb5 gxf4 30. exf4 f6 31. Nc4 Rh5 32. Nxa5 Rxh2 33. Ke3
Rh5 34. Nc6 Rc5 35. Nd4 Kf7 36. a5 e5 37. a6 1-0

[Event "Madrid-ch 2020-2021 - Semifinal"]
[Site "Madrid ESP"]
[Date "2021.05.05"]
[Round "1.5"]
[White "Cabañas Bravo, Juan Andres"]
[Black "Quevedo Marin, Manuel"]
[Result "0-1"]
[WhiteElo "1948"]
[BlackElo "2201"]
[PlyCount "114"]
[EventDate "2021.05.05"]
[EventType "swiss"]
[EventRounds "9"]
[EventCountry "ESP"]
[SourceTitle "Ajedrez en Madrid"]
[Source "lmi"]
[SourceDate "2021.05.06"]
[SourceVersion "1"]
[SourceVersionDate "2021.05.15"]
[SourceQuality "1"]

1. e4 c6 2. d4 d5 3. Nc3 dxe4 4. Nxe4 Nf6 5. Nxf6+ exf6 6. Bc4 Bd6 7. Qh5 O-O
8. Ne2 Be6 9. Bd3 f5 10. Bg5 Qa5+ 11. c3 Re8 12. f4 Nd7 13. O-O Qc7 14. Rf3 f6
15. Bh6 Nf8 16. Ng3 Qf7 17. Qh3 gxh6 18. Bxf5 Bd5 19. Rd3 Kh8 20. Qxh6 Ng6 21.
Nh5 Qf8 22. Qxf8+ Rxf8 23. Rh3 Ne7 24. Bd3 Be6 25. f5 Bd7 26. Rf1 Rae8 27. Rff3
b5 28. Rh4 Nd5 29. Kf2 Re7 30. c4 bxc4 31. Bxc4 Be8 32. Ng3 Bxg3+ 33. hxg3 Bd7
34. g4 Re4 35. Rfh3 Rf7 36. Bxd5 cxd5 37. Ra3 Bxf5 38. Rh5 Be6 39. Ra6 Re7 40.
g5 fxg5 41. Rxg5 Rf4+ 42. Ke3 Re4+ 43. Kf2 Rxd4 44. Re5 Re4 45. Rxe4 dxe4 46.
Ke3 Bf7 47. b4 Bc4 48. Ra5 Bd3 49. a4 a6 50. Kd4 Rd7+ 51. Kc3 Re7 52. Rh5 Rc7+
53. Rc5 Rb7 54. g4 Kg7 55. Rc6 Re7 56. Kd2 e3+ 57. Ke1 Rf7 0-1

[Event "Madrid-ch 2020-2021 - Semifinal"]
[Site "Madrid ESP"]
[Date "2021.05.05"]
[Round "1.6"]
[White "Rottenwohrer Suarez, Juan"]
[Black "Torres Rebolledo, Victor"]
[Result "1-0"]
[WhiteElo "2196"]
[BlackElo "1937"]
[PlyCount "119"]
[EventDate "2021.05.05"]
[EventType "swiss"]
[EventRounds "9"]
[EventCountry "ESP"]
[SourceTitle "Ajedrez en Madrid"]
[Source "lmi"]
[SourceDate "2021.05.06"]
[SourceVersion "1"]
[SourceVersionDate "2021.05.15"]
[SourceQuality "1"]

1. c4 e6 2. Nc3 d5 3. d4 Be7 4. cxd5 exd5 5. Bf4 c6 6. Qc2 Nf6 7. h3 g6 8. e3
Bf5 9. Bd3 Bxd3 10. Qxd3 Nbd7 11. Nf3 a5 12. O-O O-O 13. a3 Re8 14. Rab1 Nb6
15. Nd2 a4 16. Qc2 Nh5 17. Bh2 Ng7 18. b3 Nf5 19. bxa4 Nd6 20. Rb2 Ra6 21. Rfb1
Nbc4 22. Bxd6 Nxd6 23. Qd3 Ra7 24. g3 Qd7 25. Kg2 f5 26. Rb3 Bf6 27. h4 Re7 28.
Qc2 Ne4 29. Ncxe4 fxe4 30. Qc5 Rxa4 31. Rxb7 Qe6 32. R1b6 Rxb7 33. Rxb7 Ra8 34.
Rc7 Rc8 35. Qa7 Rxc7 36. Qxc7 Be7 37. a4 Qd6 38. Qxd6 Bxd6 39. Nb3 Kf8 40. f3
exf3+ 41. Kxf3 Ke7 42. g4 h6 43. h5 gxh5 44. gxh5 Kd7 45. Kg4 Be7 46. Nc5+ Kc7
47. Kf5 Kb6 48. Ne6 Bb4 49. Nf4 Be7 50. Nh3 Bb4 51. Nf4 Be7 52. Ke6 Bh4 53. Kd7
Bf2 54. Ng2 c5 55. a5+ Kxa5 56. dxc5 Bg3 57. Kc6 Kb4 58. Kxd5 Kc3 59. Nf4 Kd2
60. Ke4 1-0

[Event "Madrid-ch 2020-2021 - Semifinal"]
[Site "Madrid ESP"]
[Date "2021.05.05"]
[Round "1.7"]
[White "Bravo De La Vega, Alvaro"]
[Black "De La Puerta Cresis, Javier"]
[Result "1-0"]
[WhiteElo "1936"]
[BlackElo "2169"]
[PlyCount "75"]
[EventDate "2021.05.05"]
[EventType "swiss"]
[EventRounds "9"]
[EventCountry "ESP"]
[SourceTitle "Ajedrez en Madrid"]
[Source "lmi"]
[SourceDate "2021.05.06"]
[SourceVersion "1"]
[SourceVersionDate "2021.05.15"]
[SourceQuality "1"]

1. e4 c5 2. Nf3 d6 3. d4 cxd4 4. Nxd4 Nf6 5. Nc3 a6 6. Bg5 e6 7. f4 h6 8. Bh4
Qb6 9. Qd2 Qxb2 10. Rb1 Qa3 11. f5 Be7 12. fxe6 fxe6 13. Be2 Nc6 14. Nxc6 bxc6
15. O-O O-O 16. Rf3 Qa5 17. Rbf1 Bb7 18. Rg3 Nxe4 19. Qxh6 Nxg3 20. Qxe6+ Kh8
21. Bxg3 Qc5+ 22. Bf2 Qg5 23. Ne4 Qe5 24. Qh3+ Kg8 25. Qb3+ d5 26. Qxb7 Qxe4
27. Bd3 Qe6 28. Re1 Qf6 29. Rf1 Bd6 30. g3 Be5 31. Bc5 Rfb8 32. Qd7 Rd8 33. Qg4
Qh6 34. Rf5 Re8 35. Rh5 Qf6 36. Bh7+ Kh8 37. Bg6+ Kg8 38. Rh8+ 1-0

[Event "Madrid-ch 2020-2021 - Semifinal"]
[Site "Madrid ESP"]
[Date "2021.05.05"]
[Round "1.8"]
[White "Pindado Campos, Raul"]
[Black "Neagu, Roberto Florin"]
[Result "1-0"]
[WhiteElo "2152"]
[BlackElo "1881"]
[PlyCount "78"]
[EventDate "2021.05.05"]
[EventType "swiss"]
[EventRounds "9"]
[EventCountry "ESP"]
[SourceTitle "Ajedrez en Madrid"]
[Source "lmi"]
[SourceDate "2021.05.06"]
[SourceVersion "1"]
[SourceVersionDate "2021.05.15"]
[SourceQuality "1"]

1. d4 Nf6 2. c4 e6 3. Nf3 d5 4. g3 Be7 5. Bg2 O-O 6. O-O dxc4 7. Qc2 a6 8. a4
Nd5 9. Nbd2 Nd7 10. Nxc4 c5 11. Rd1 b6 12. e4 Nb4 13. Qe2 cxd4 14. Rxd4 Bc5 15.
Rd1 Qe7 16. Bg5 f6 17. Bf4 e5 18. Bd2 Nc6 19. Bc3 a5 20. Qd2 Ndb8 21. Ne3 Rd8
22. Nd5 Qf7 23. Qe2 Be6 24. Qb5 Na7 25. Qb3 Nbc6 26. Bf1 Kh8 27. Bc4 Rab8 28.
Nxb6 Rxd1+ 29. Rxd1 Bxb6 30. Bxe6 Qh5 31. Kg2 Qe8 32. Qc4 Bd4 33. Bd5 Rc8 34.
Qa6 Nb8 35. Qe6 Qxa4 36. Bb3 Qb5 37. Nxd4 exd4 38. Bxd4 Re8 39. Qf7 Qc6 1-0

[Event "Madrid-ch 2020-2021 - Semifinal"]
[Site "Madrid ESP"]
[Date "2021.05.05"]
[Round "1.9"]
[White "Rojas Pozo, Jose Luis"]
[Black "Martinez Fernandez, Raul"]
[Result "1/2-1/2"]
[WhiteElo "1875"]
[BlackElo "2141"]
[PlyCount "114"]
[EventDate "2021.05.05"]
[EventType "swiss"]
[EventRounds "9"]
[EventCountry "ESP"]
[SourceTitle "Ajedrez en Madrid"]
[Source "lmi"]
[SourceDate "2021.05.06"]
[SourceVersion "1"]
[SourceVersionDate "2021.05.15"]
[SourceQuality "1"]

1. d4 d5 2. c4 c6 3. e3 Nf6 4. Nc3 a6 5. Nf3 e6 6. b3 Bb4 7. Bd2 Bd6 8. Ne5 c5
9. Be2 Nc6 10. Nxc6 bxc6 11. O-O O-O 12. h3 e5 13. dxe5 Bxe5 14. f4 Bc7 15. Qc2
Re8 16. Bd3 d4 17. Ne4 dxe3 18. Bxe3 Rxe4 19. Bxe4 Qe7 20. Bxc6 Qxe3+ 21. Qf2
Qxf2+ 22. Rxf2 Rb8 23. g4 h5 24. g5 Nh7 25. Kg2 Bf5 26. Re1 Nf8 27. Be4 Bxe4+
28. Rxe4 Ne6 29. h4 Nxf4+ 30. Rexf4 Bxf4 31. Rxf4 Rd8 32. Rf5 Rd2+ 33. Kg3 Rxa2
34. Rxc5 Ra3 35. Rc8+ Kh7 36. Rb8 a5 37. Kf4 a4 38. bxa4 Rh3 39. Ke5 Rxh4 40.
Kd5 Rg4 41. c5 Rxa4 42. c6 Ra5+ 43. Kd6 Ra6 44. Kd7 Kg6 45. Rb5 f5 46. gxf6
Kxf6 47. Rxh5 g5 48. c7 Ra7 49. Kd8 Ra8+ 50. c8=Q Rxc8+ 51. Kxc8 Kf5 52. Kd7
Kf4 53. Ke6 g4 54. Rf5+ Ke3 55. Ke5 g3 56. Rg5 Kf2 57. Rxg3 Kxg3 1/2-1/2

[Event "Madrid-ch 2020-2021 - Semifinal"]
[Site "Madrid ESP"]
[Date "2021.05.05"]
[Round "1.10"]
[White "Hernandez Ramos, David"]
[Black "Vukotic Jovsic, Dragan"]
[Result "1-0"]
[WhiteElo "2101"]
[BlackElo "1859"]
[PlyCount "85"]
[EventDate "2021.05.05"]
[EventType "swiss"]
[EventRounds "9"]
[EventCountry "ESP"]
[SourceTitle "Ajedrez en Madrid"]
[Source "lmi"]
[SourceDate "2021.05.06"]
[SourceVersion "1"]
[SourceVersionDate "2021.05.15"]
[SourceQuality "1"]

1. c4 e6 2. Nc3 d5 3. d4 Be7 4. cxd5 exd5 5. Bf4 c6 6. e3 Nf6 7. Bd3 O-O 8. Nf3
Bg4 9. Qc2 c5 10. Ne5 Bh5 11. O-O cxd4 12. exd4 Nc6 13. Nxc6 bxc6 14. Be5 Bg6
15. Rac1 Bxd3 16. Qxd3 Qa5 17. Rc2 Nd7 18. Bf4 Rfe8 19. b3 Bf6 20. h3 Qb4 21.
Be3 Rac8 22. Rfc1 Nb6 23. Ne2 Qb5 24. Qd2 Be7 25. Nf4 Ba3 26. Rd1 a5 27. Qd3 a4
28. bxa4 Qxa4 29. Qb3 Qa6 30. Bc1 Bxc1 31. Rdxc1 Nc4 32. Qg3 g6 33. Nd3 Na3 34.
Nb4 Qa4 35. Rxc6 Rxc6 36. Nxc6 Nc4 37. Qc7 Qa3 38. Rf1 Nd2 39. Qd7 Re6 40. Rd1
Qxa2 41. Ne5 Rf6 42. Qd8+ Kg7 43. Nd7 1-0

[Event "Madrid-ch 2020-2021 - Semifinal"]
[Site "Madrid ESP"]
[Date "2021.05.05"]
[Round "1.11"]
[White "Rico Jimenez, Samuel"]
[Black "Perez Gonzalez, Daniel"]
[Result "0-1"]
[WhiteElo "1850"]
[BlackElo "2056"]
[PlyCount "90"]
[EventDate "2021.05.05"]
[EventType "swiss"]
[EventRounds "9"]
[EventCountry "ESP"]
[SourceTitle "Ajedrez en Madrid"]
[Source "lmi"]
[SourceDate "2021.05.06"]
[SourceVersion "1"]
[SourceVersionDate "2021.05.15"]
[SourceQuality "1"]

1. e4 c5 2. Nf3 d6 3. d4 cxd4 4. Nxd4 Nf6 5. Nc3 a6 6. Be2 e5 7. Nb3 Be7 8. Qd3
Nc6 9. a3 Be6 10. Be3 d5 11. exd5 Nxd5 12. Nxd5 Qxd5 13. Qxd5 Bxd5 14. O-O O-O
15. Nc5 Rfc8 16. Rfd1 Nd4 17. Bxd4 exd4 18. b4 b6 19. Nd7 Rxc2 20. Nxb6 Rxe2
21. Nxd5 Bd6 22. Rac1 Rae8 23. g3 h6 24. Rxd4 Bb8 25. Ne3 Ba7 26. Kf1 Rxf2+ 27.
Kxf2 Bxd4 28. Re1 Rc8 29. Kf3 Rc3 30. Ke4 Ba7 31. a4 Bxe3 32. Rxe3 Rc4+ 33. Kd5
Rxb4 34. Ra3 a5 35. Ke5 Kh7 36. h4 Kg6 37. Ra2 f6+ 38. Ke6 Rb6+ 39. Ke7 f5 40.
Rc2 Rb4 41. Rc6+ Kh7 42. Kf7 f4 43. g4 f3 44. g5 Rf4+ 45. Ke7 hxg5 0-1

[Event "Madrid-ch 2020-2021 - Semifinal"]
[Site "Madrid ESP"]
[Date "2021.05.05"]
[Round "1.12"]
[White "Pablos Tenrero, Raquel"]
[Black "Huerto Moreno, Jorge"]
[Result "1-0"]
[WhiteElo "2049"]
[BlackElo "1837"]
[PlyCount "77"]
[EventDate "2021.05.05"]
[EventType "swiss"]
[EventRounds "9"]
[EventCountry "ESP"]
[SourceTitle "Ajedrez en Madrid"]
[Source "lmi"]
[SourceDate "2021.05.06"]
[SourceVersion "1"]
[SourceVersionDate "2021.05.15"]
[SourceQuality "1"]

1. e4 e5 2. Nf3 Nc6 3. Bb5 g6 4. c3 Bg7 5. O-O a6 6. Ba4 b5 7. Bb3 Bb7 8. d4
exd4 9. cxd4 Nge7 10. Nc3 O-O 11. Bg5 h6 12. Bf4 Rc8 13. Qd2 Kh7 14. h4 Na5 15.
Bc2 Nc4 16. Qc1 c5 17. d5 Qa5 18. Nd1 Ng8 19. Bd3 Na3 20. Be5 Bxe5 21. Nxe5
Rfe8 22. Nxf7 c4 23. Be2 Qb6 24. Qc3 Nf6 25. Qxa3 Nxe4 26. Bf3 Nd2 27. Nd6 b4
28. Nxc8 Bxc8 29. Qa4 Nxf3+ 30. gxf3 Qf6 31. Ne3 Qxh4 32. Ng2 Qh3 33. Rfe1 Rf8
34. Qxb4 Qxf3 35. Re7+ Kg8 36. Rf1 Qf6 37. d6 Qg5 38. Qxc4+ Kh8 39. Qc3+ 1-0

[Event "Madrid-ch 2020-2021 - Semifinal"]
[Site "Madrid ESP"]
[Date "2021.05.05"]
[Round "1.13"]
[White "Garcia Fernandez, Jesus"]
[Black "Fernandez Rosado, Roberto"]
[Result "0-1"]
[WhiteElo "1803"]
[BlackElo "2029"]
[PlyCount "68"]
[EventDate "2021.05.05"]
[EventType "swiss"]
[EventRounds "9"]
[EventCountry "ESP"]
[SourceTitle "Ajedrez en Madrid"]
[Source "lmi"]
[SourceDate "2021.05.06"]
[SourceVersion "1"]
[SourceVersionDate "2021.05.15"]
[SourceQuality "1"]

1. d4 d5 2. Bf4 c5 3. e3 Nc6 4. c3 Qb6 5. Na3 cxd4 6. exd4 a6 7. Qb3 Qa5 8. Nc2
Nf6 9. Nf3 e6 10. a4 Be7 11. Bd3 Ne4 12. Bxe4 dxe4 13. Nd2 O-O 14. O-O Qf5 15.
Bg3 Qg6 16. Ne3 f5 17. Bf4 Qf7 18. Nec4 g5 19. Ne5 Qe8 20. Nxc6 gxf4 21. Nxe7+
Qxe7 22. Kh1 Rf6 23. Rg1 Rh6 24. c4 Rxh2+ 25. Kxh2 Qh4+ 26. Qh3 Qxf2 27. Rad1
Bd7 28. Rgf1 Qe3 29. b3 Kh8 30. Rfe1 Qf2 31. Rf1 Qe3 32. Qh4 Rg8 33. Qxf4 Qe2
34. Nxe4 Qxg2# 0-1

[Event "Madrid-ch 2020-2021 - Semifinal"]
[Site "Madrid ESP"]
[Date "2021.05.05"]
[Round "1.14"]
[White "Centeno Mendoza, Julio Stefano"]
[Black "Tapia Sanchez, Jose Manuel"]
[Result "1/2-1/2"]
[WhiteElo "2012"]
[BlackElo "1750"]
[PlyCount "83"]
[EventDate "2021.05.05"]
[EventType "swiss"]
[EventRounds "9"]
[EventCountry "ESP"]
[SourceTitle "Ajedrez en Madrid"]
[Source "lmi"]
[SourceDate "2021.05.06"]
[SourceVersion "1"]
[SourceVersionDate "2021.05.15"]
[SourceQuality "1"]

1. e4 e5 2. Nf3 Nc6 3. Bc4 Nf6 4. Ng5 d5 5. exd5 Na5 6. Bb5+ c6 7. dxc6 bxc6 8.
Be2 h6 9. Nh3 Bc5 10. O-O O-O 11. Nc3 Bf5 12. d3 Qd7 13. Bf3 Bxh3 14. gxh3 Qxh3
15. Bg2 Qh4 16. Qe2 Rfd8 17. Ne4 Bb6 18. Nxf6+ Qxf6 19. Kh1 Nb7 20. f4 exf4 21.
Bxf4 Nd6 22. Bxc6 Rac8 23. Bxd6 Qxd6 24. Be4 Rc5 25. c3 Rg5 26. Qf3 Rd7 27.
Rae1 Bc7 28. Re2 Re7 29. d4 g6 30. Rff2 f5 31. Bb7 Rh5 32. Rg2 Rg5 33. Rxg5
hxg5 34. Bd5+ Kf8 35. Bc4 Rxe2 36. Qxe2 Qf4 37. Bd5 g4 38. Bc6 Qc1+ 39. Kg2 Qf4
40. Qe8+ Kg7 41. Qe7+ Kh6 42. Qh4+ 1/2-1/2

[Event "Madrid-ch 2020-2021 - Semifinal"]
[Site "Madrid ESP"]
[Date "2021.05.06"]
[Round "2.1"]
[White "Elissalt Cardenas, Hector"]
[Black "Hernandez Ramos, David"]
[Result "1-0"]
[WhiteElo "2281"]
[BlackElo "2101"]
[PlyCount "63"]
[EventDate "2021.05.05"]
[EventType "swiss"]
[EventRounds "9"]
[EventCountry "ESP"]
[SourceTitle "Ajedrez en Madrid"]
[Source "lmi"]
[SourceDate "2021.05.06"]
[SourceVersion "1"]
[SourceVersionDate "2021.05.15"]
[SourceQuality "1"]

1. c4 Nf6 2. Nc3 e6 3. Nf3 d5 4. d4 Be7 5. Bg5 O-O 6. e3 h6 7. Bxf6 Bxf6 8. Qc2
Re8 9. h4 Nc6 10. O-O-O g6 11. h5 g5 12. a3 Ne7 13. Ne5 c6 14. f4 Nf5 15. Qf2
Rf8 16. g4 Nd6 17. c5 Ne8 18. Bd3 Qe7 19. Nf3 b6 20. Bb1 Kg7 21. Qc2 Rh8 22.
Na4 Rb8 23. Ne5 Bd7 24. Rdf1 gxf4 25. exf4 Kf8 26. Qd2 Ng7 27. Qe3 Ke8 28. Rhg1
Bh4 29. Nf3 Qd8 30. Nxh4 Qxh4 31. Qe5 Ke7 32. Qd6+ 1-0

[Event "Madrid-ch 2020-2021 - Semifinal"]
[Site "Madrid ESP"]
[Date "2021.05.06"]
[Round "2.2"]
[White "Perez Gonzalez, Daniel"]
[Black "Bustos Bernardo, Samuel"]
[Result "1/2-1/2"]
[WhiteElo "2056"]
[BlackElo "2213"]
[PlyCount "64"]
[EventDate "2021.05.05"]
[EventType "swiss"]
[EventRounds "9"]
[EventCountry "ESP"]
[SourceTitle "Ajedrez en Madrid"]
[Source "lmi"]
[SourceDate "2021.05.06"]
[SourceVersion "1"]
[SourceVersionDate "2021.05.15"]
[SourceQuality "1"]

1. c4 e6 2. Nc3 d5 3. d4 Nf6 4. Bg5 Be7 5. e3 h6 6. Bh4 O-O 7. Nf3 Ne4 8. Bxe7
Qxe7 9. Rc1 c6 10. Bd3 Nxc3 11. Rxc3 dxc4 12. Bxc4 Nd7 13. O-O e5 14. Nxe5 Nxe5
15. dxe5 Qxe5 16. Qe2 Be6 17. Bxe6 Qxe6 18. a3 Rfd8 19. Rd1 Rxd1+ 20. Qxd1 Qf6
21. Rc2 Rd8 22. Rd2 Rxd2 23. Qxd2 g6 24. h3 Qe5 25. Qb4 b6 26. b3 Kg7 27. a4
Qa1+ 28. Kh2 Qf1 29. Qd4+ Kg8 30. Qd8+ Kg7 31. Qd4+ Kg8 32. Qd8+ Kg7 1/2-1/2

[Event "Madrid-ch 2020-2021 - Semifinal"]
[Site "Madrid ESP"]
[Date "2021.05.06"]
[Round "2.3"]
[White "Quevedo Marin, Manuel"]
[Black "Bravo De La Vega, Alvaro"]
[Result "0-1"]
[WhiteElo "2201"]
[BlackElo "1936"]
[PlyCount "92"]
[EventDate "2021.05.05"]
[EventType "swiss"]
[EventRounds "9"]
[EventCountry "ESP"]
[SourceTitle "Ajedrez en Madrid"]
[Source "lmi"]
[SourceDate "2021.05.06"]
[SourceVersion "1"]
[SourceVersionDate "2021.05.15"]
[SourceQuality "1"]

1. e4 e5 2. Nc3 Nf6 3. f4 d5 4. fxe5 Nxe4 5. Qf3 Nxc3 6. dxc3 Be7 7. Bf4 O-O 8.
O-O-O c6 9. Kb1 Nd7 10. c4 Nb6 11. cxd5 cxd5 12. Bd3 Be6 13. Ne2 Na4 14. Nd4
Qb6 15. Nb3 a5 16. Qh5 g6 17. Qe2 Nxb2 18. Kxb2 a4 19. Kb1 axb3 20. cxb3 Qa5
21. a4 Qb4 22. Bh6 Rfc8 23. Qb2 d4 24. Be4 Rc3 25. Rd3 Qxb3 26. Rc1 Rxd3 27.
Bxd3 Qxa4 28. Bc2 Ba2+ 29. Ka1 Qa7 30. Rd1 d3 31. Rxd3 Bc4+ 32. Kb1 Bxd3 33.
Bxd3 Qg1+ 34. Qc1 Qxc1+ 35. Bxc1 Ra5 36. Bb2 Bf8 37. Be4 Bg7 38. Kc2 Bxe5 39.
Bxe5 Rxe5 40. Bxb7 Kg7 41. Kd3 h5 42. h3 Kf6 43. Bf3 Ra5 44. Ke3 Kg5 45. g3
Ra3+ 46. Kf2 h4 0-1

[Event "Madrid-ch 2020-2021 - Semifinal"]
[Site "Madrid ESP"]
[Date "2021.05.06"]
[Round "2.4"]
[White "Fernandez Rosado, Roberto"]
[Black "Rottenwohrer Suarez, Juan"]
[Result "0-1"]
[WhiteElo "2029"]
[BlackElo "2196"]
[PlyCount "84"]
[EventDate "2021.05.05"]
[EventType "swiss"]
[EventRounds "9"]
[EventCountry "ESP"]
[SourceTitle "Ajedrez en Madrid"]
[Source "lmi"]
[SourceDate "2021.05.06"]
[SourceVersion "1"]
[SourceVersionDate "2021.05.15"]
[SourceQuality "1"]

1. e4 g6 2. Nf3 Bg7 3. c4 d6 4. Nc3 Nf6 5. Be2 O-O 6. O-O Nc6 7. d3 e5 8. a3 a5
9. Rb1 Nh5 10. Ne1 Nf4 11. Bxf4 exf4 12. Nc2 f5 13. Nd5 fxe4 14. dxe4 Ne5 15.
Nd4 c6 16. Nc3 Qf6 17. Nf3 Nf7 18. Na4 Be6 19. Qd2 g5 20. h3 Qg6 21. Rfe1 Rad8
22. Bd3 Ne5 23. Nxe5 Bxe5 24. f3 h5 25. Kf2 g4 26. Ke2 gxf3+ 27. gxf3 Qg2+ 28.
Kd1 Qxf3+ 29. Kc2 b5 30. Nc3 bxc4 31. Be2 Qxh3 32. Rg1+ Kf7 33. Rh1 Qe3 34.
Rxh5 Qxd2+ 35. Kxd2 Rh8 36. Rg1 Rdg8 37. Rxg8 Rxg8 38. Rh7+ Rg7 39. Bh5+ Ke7
40. Rh6 Rg2+ 41. Ne2 Rh2 42. Ke1 Bf7 0-1

[Event "Madrid-ch 2020-2021 - Semifinal"]
[Site "Madrid ESP"]
[Date "2021.05.06"]
[Round "2.5"]
[White "Del Castillo Izquierdo, Jose"]
[Black "Pindado Campos, Raul"]
[Result "0-1"]
[WhiteElo "1728"]
[BlackElo "2152"]
[PlyCount "94"]
[EventDate "2021.05.05"]
[EventType "swiss"]
[EventRounds "9"]
[EventCountry "ESP"]
[SourceTitle "Ajedrez en Madrid"]
[Source "lmi"]
[SourceDate "2021.05.06"]
[SourceVersion "1"]
[SourceVersionDate "2021.05.15"]
[SourceQuality "1"]

1. d4 Nf6 2. Nf3 d5 3. c4 c6 4. Nc3 e6 5. Bg5 Nbd7 6. e3 Be7 7. Qc2 O-O 8. a3
h6 9. h4 b6 10. Bd3 dxc4 11. Bxc4 Bb7 12. Bf4 c5 13. Rd1 Qc8 14. d5 exd5 15.
Nxd5 Nxd5 16. Rxd5 Bxd5 17. Bxd5 Nf6 18. Ng5 Qd7 19. Bc4 Bd6 20. Nxf7 Rxf7 21.
Bxf7+ Kxf7 22. Qc4+ Qe6 23. Qxe6+ Kxe6 24. Bxd6 Kxd6 25. f3 a5 26. e4 b5 27.
Kd2 Rd8 28. a4 bxa4 29. Ra1 Rb8 30. Kc3 Rb3+ 31. Kc4 Rb4+ 32. Kc3 Ke5 33. g3
Rb3+ 34. Kc4 Rxf3 35. Rxa4 Nxe4 36. Rxa5 Rxg3 37. Ra7 Rg4 38. h5 Nd6+ 39. Kd3
c4+ 40. Ke3 Rg5 41. Rc7 Rg2 42. Kf3 Rg5 43. Ke3 Kf6 44. Rc6 Ke6 45. Rc7 Rxh5
46. Kd2 Rh2+ 47. Kc1 g5 0-1